Normal view
MARC view
Entry Personal Name
001 - CONTROL NUMBER
- control field: 13894
003 - CONTROL NUMBER IDENTIFIER
- control field: BD-RjUL
005 - DATE AND TIME OF LATEST TRANSACTION
- control field: 20241022104406.0
008 - FIXED-LENGTH DATA ELEMENTS
- fixed length control field: 241022|| aca||aabn | a|a d
040 ## - CATALOGING SOURCE
- Original cataloging agency: BD-RjUL
- Transcribing agency: BD-RjUL
100 ## - HEADING--PERSONAL NAME
- Personal name: Mondal, A. K. M. Golam Rabbani, Supervisor
670 ## - SOURCE DATA FOUND
- Source citation: Work cat.: (BD-RjUL)84148: Afrin, Kaniz Habiba 13892, Employees Job Satisfaction and Turnover Intention Relationship :, 2018